| 000 | 00596nam a2200181Ia 4500 | ||
|---|---|---|---|
| 003 | GCL | ||
| 008 | 140319s9999 xx 000 0 ara d | ||
| 040 |
_aGCL / _cGCL |
||
| 082 | 0 | 4 |
_a340 _bم د |
| 100 | 1 | _aمحمود جمال الدين ذكى | |
| 245 | 1 | 0 |
_aدروس فى مقدمة الدراسات القانونية / _cمحمود جمال الدين ذكى |
| 260 |
_a[S.N] : _bالهيئة العامة لشئون المطابع الاميرية ، _c1969 |
||
| 300 | _a540 ص | ||
| 490 | _a | ||
| 650 | 0 | 4 | _aالقانون |
| 650 | 0 | 4 | _aالقانون المدنى |
| 942 |
_2ddc _cBK |
||
| 999 |
_c27555 _d27555 |
||